Witamy w Bibliotece Naukowej Instytutu Łączności!

Atmosfery wybuchowe - Część 18: Zabezpieczenie urządzeń za pomocą hermetyzacji "m" = (Rekord nr 24569)

000 -LEADER
fixed length control field 01708nam a2200361 i 4500
001 - CONTROL NUMBER
control field vtls004789641
003 - CONTROL NUMBER IDENTIFIER
control field NUKAT
005 - DATE AND TIME OF LATEST TRANSACTION
control field 20211124115532.0
007 - PHYSICAL DESCRIPTION FIXED FIELD--GENERAL INFORMATION
fixed length control field cr an nnnanaaa
008 - FIXED-LENGTH DATA ELEMENTS--GENERAL INFORMATION
fixed length control field 200120s2019 pl a f u |000 0 pol c
020 ## - INTERNATIONAL STANDARD BOOK NUMBER
International Standard Book Number 9788382041705
035 ## - SYSTEM CONTROL NUMBER
System control number xx004789641
039 #9 - LEVEL OF BIBLIOGRAPHIC CONTROL AND CODING DETAIL [OBSOLETE]
Level of rules in bibliographic description 202002031237
Level of effort used to assign nonsubject heading access points agh
Level of effort used to assign subject headings 202001210141
Level of effort used to assign classification VLOAD
Level of effort used to assign subject headings 202001201405
Level of effort used to assign classification vpp
040 ## - CATALOGING SOURCE
Original cataloging agency POZN 31/EG
Language of cataloging pol
Description conventions rda
Transcribing agency POZN 31/EG
Modifying agency POZN 31/AK
041 1# - LANGUAGE CODE
Language code of text/sound track or separate title pol
Language code of original and/or intermediate translations of text eng
245 00 - TITLE STATEMENT
Title Atmosfery wybuchowe - Część 18: Zabezpieczenie urządzeń za pomocą hermetyzacji "m" =
Remainder of title Explosive atmospheres - Part 18: Equipment protection by encapsulation "m" PN-EN 60079-18:2015-06P /
Statement of responsibility, etc Polski Komitet Normalizacyjny.
246 13 - VARYING FORM OF TITLE
Title proper/short title PN-EN 60079-18
246 13 - VARYING FORM OF TITLE
Title proper/short title ICS 29.260.20
246 13 - VARYING FORM OF TITLE
Title proper/short title Polska Norma
246 13 - VARYING FORM OF TITLE
Title proper/short title Explosive atmospheres - Part 18: Equipment protection by encapsulation "m"
260 ## - PUBLICATION, DISTRIBUTION, ETC. (IMPRINT)
Place of publication, distribution, etc Warszawa :
Name of publisher, distributor, etc Polski Komitet Normalizacyjny,
Date of publication, distribution, etc copyright 2019.
300 ## - PHYSICAL DESCRIPTION
Extent 2, 35 stron :
Other physical details ilustracje ;
Dimensions 30 cm.
336 ## - TYP ZAWARTOŚCI
Typ zawartosci Tekst
-- txt
-- rdacontent
337 ## - TYP MEDIUM
Typ medium Komputer
-- c
-- rdamedia
338 ## - TYP NOŚNIKA
Typ nosnika Dokument online
-- cr
-- rdacarrier
500 ## - GENERAL NOTE
General note Norma Europejska EN 60079-18:2015 [...] ma status Polskiej Normy.
504 ## - BIBLIOGRAPHY, ETC. NOTE
Bibliography, etc Bibliografia na stronie 35.
590 ## - LOCAL NOTE (RLIN)
Local note Wprowadza EN 60079-18:2015, IDT ; IEC 60079-18:2014, IDT ; Zastępuje PN-EN 60079-18:2011 ; Zatwierdzona przez Prezesa PKN 11 czerwca 2015 r.
590 ## - LOCAL NOTE (RLIN)
Local note Status: aktualna.
710 2# - ADDED ENTRY--CORPORATE NAME
Corporate name or jurisdiction name as entry element Polska.
Subordinate unit Polski Komitet Normalizacyjny.
Relator term Instytucja sprawcza
-- Wydawca
Relator code pbl
9 (RLIN) 1107
920 ## - ISBN
ISBN 978-83-8204-170-5
942 ## - ADDED ENTRY ELEMENTS (KOHA)
Source of classification or shelving scheme
Koha item type Książki
Egzemplarze
Withdrawn status Lost status Source of classification or shelving scheme Damaged status Not for loan Permanent Location Current Location Shelving location Date acquired Cost, normal purchase price Inventory number Full call number Barcode Date last seen Price effective from Koha item type Public note
        Nie do wypożyczenia Instytut Łączności Instytut Łączności Księgozbiór Podręczny 2020-09-10 121.16 N- 115 N- 115 N- 115 2021-01-19 2020-09-10 Książki pdf, aktualna

Działa dzięki Koha